[Event "Ch France 2018 - Open A"]
[Site "?"]
[Date "2018.08.23"]
[Round "6.2"]
[White "Pupier, Terry"]
[Black "Bianchi, Guillaume"]
[Result "1/2-1/2"]
[BlackElo "2064"]
[WhiteElo "2068"]
[LiveChessVersion "1.4.4"]

1. e4 {[%clk 1:30:54]} c5 {[%clk 1:30:49]} 2. Nf3 {[%clk 1:31:15]} e6
{[%clk 1:30:51]} 3. d4 {[%clk 1:28:46]} cxd4 {[%clk 1:31:01]} 4. Nxd4
{[%clk 1:29:09]} Nc6 {[%clk 1:31:18]} 5. Nc3 {[%clk 1:27:35]} Qc7
{[%clk 1:30:56]} 6. Be2 {[%clk 1:24:50]} Nf6 {[%clk 1:29:53]} 7. O-O
{[%clk 1:22:03]} Be7 {[%clk 1:29:53]} 8. Be3 {[%clk 1:22:03]} O-O
{[%clk 1:29:53]} 9. Nb3 {[%clk 1:22:03]} d6 {[%clk 1:29:53]} 10. f4
{[%clk 1:22:03]} a6 {[%clk 1:29:53]} 11. Bf3 {[%clk 1:22:03]} Rb8
{[%clk 1:29:53]} 12. Qd2 {[%clk 1:22:03]} b5 {[%clk 1:29:53]} 13. Qf2
{[%clk 1:22:03]} Bb7 {[%clk 1:29:53]} 14. Rad1 {[%clk 1:22:03]} Rbc8
{[%clk 1:29:53]} 15. Rd2 {[%clk 1:22:03]} Rfe8 {[%clk 1:29:53]} 16. Rfd1
{[%clk 1:22:03]} Bf8 {[%clk 1:29:53]} 17. g4 {[%clk 1:22:03]} b4 {[%clk 1:29:53]}
18. Ne2 {[%clk 1:22:03]} e5 {[%clk 0:37:21]} 19. g5 {[%clk 0:23:03]} Nd7
{[%clk 0:34:30]} 20. f5 {[%clk 0:20:54]} a5 {[%clk 0:31:29]} 21. g6
{[%clk 0:14:45]} fxg6 {[%clk 0:28:42]} 22. fxg6 {[%clk 0:15:00]} h6
{[%clk 0:28:46]} 23. Bg4 {[%clk 0:14:39]} Nf6 {[%clk 0:27:52]} 24. Bxc8
{[%clk 0:14:10]} Qxc8 {[%clk 0:25:20]} 25. Ng3 {[%clk 0:13:40]} Qg4
{[%clk 0:19:28]} 26. Qf5 {[%clk 0:12:13]} a4 {[%clk 0:19:55]} 27. Nc1
{[%clk 0:12:16]} Qxf5 {[%clk 0:19:23]} 28. Nxf5 {[%clk 0:09:56]} Nxe4
{[%clk 0:19:09]} 29. Nxd6 {[%clk 0:09:28]} Bxd6 {[%clk 0:16:33]} 30. Rxd6
{[%clk 0:09:50]} Nxd6 {[%clk 0:16:58]} 31. Rxd6 {[%clk 0:10:16]} Rd8
{[%clk 0:13:13]} 32. Rxd8+ {[%clk 0:08:14]} Nxd8 {[%clk 0:13:42]} 33. Nd3
{[%clk 0:08:12]} Nc6 {[%clk 0:11:48]} 34. Nc5 {[%clk 0:06:00]} Bc8
{[%clk 0:12:13]} 35. Nxa4 {[%clk 0:06:07]} Bf5 {[%clk 0:12:13]} 36. c3
{[%clk 0:05:32]} Bxg6 {[%clk 0:10:07]} 37. cxb4 {[%clk 0:05:24]} Nxb4
{[%clk 0:10:31]} 38. a3 {[%clk 0:05:45]} Nc2 {[%clk 0:08:45]} 39. Kf2
{[%clk 0:04:15]} Kf7 {[%clk 0:07:36]} 40. Bc5 {[%clk 0:02:34]} Bd3
{[%clk 0:06:02]} 41. Nc3 {[%clk 0:00:50]} g5 {[%clk 0:29:14]} 42. a4
{[%clk 0:26:31]} Ke6 {[%clk 0:28:13]} 43. b4 {[%clk 0:25:59]} Kd7
{[%clk 0:26:16]} 44. b5 {[%clk 0:25:09]} Bc4 {[%clk 0:22:40]} 45. Kf3
{[%clk 0:18:21]} h5 {[%clk 0:18:35]} 46. Ke4 {[%clk 0:16:56]} Ke6
{[%clk 0:16:08]} 47. a5 {[%clk 0:15:30]} Bf1 {[%clk 0:15:22]} 48. a6
{[%clk 0:14:37]} g4 {[%clk 0:13:44]} 49. Bf2 {[%clk 0:06:48]} Nb4
{[%clk 0:11:08]} 50. a7 {[%clk 0:05:48]} Bg2+ {[%clk 0:09:40]} 51. Ke3
{[%clk 0:06:13]} Nd5+ {[%clk 0:09:18]} 52. Nxd5 {[%clk 0:04:41]} Bxd5
{[%clk 0:09:41]} 53. Bg3 {[%clk 0:04:05]} Bb7 {[%clk 0:09:44]} 54. Kd3
{[%clk 0:03:58]} Kd5 {[%clk 0:09:57]} 55. Bf2 {[%clk 0:03:49]} Ba8
{[%clk 0:07:53]} 56. b6 {[%clk 0:00:53]} Bb7 {[%clk 0:06:50]} 57. Bg3
{[%clk 0:00:57]} Kc5 {[%clk 0:06:38]} 58. Bf2+ {[%clk 0:01:22]} Kd5
{[%clk 0:06:58]} 59. Bh4 {[%clk 0:01:30]} Kc5 {[%clk 0:07:00]} 60. Bd8
{[%clk 0:01:38]} h4 {[%clk 0:05:56]} 61. Bxh4 {[%clk 0:01:53]} Kxb6
{[%clk 0:06:22]} 62. Bf2+ {[%clk 0:02:19]} Ka6 {[%clk 0:05:33]} 63. Kc4
{[%clk 0:02:31]} Bg2 {[%clk 0:05:43]} 64. Bc5 {[%clk 0:02:27]} Kb7
{[%clk 0:05:48]} 65. Kd3 {[%clk 0:02:40]} Ka8 {[%clk 0:05:17]} 66. Ke3
{[%clk 0:03:05]} Kb7 {[%clk 0:05:26]} 67. Kd4 1/2-1/2

[Event "Ch France 2018 - Open A"]
[Site "?"]
[Date "2018.08.23"]
[Round "6.3"]
[White "Anes, Emmanuel"]
[Black "Giacomini, Hector"]
[Result "1-0"]
[BlackElo "2196"]
[WhiteElo "2029"]
[LiveChessVersion "1.4.4"]

1. e4 {[%clk 1:29:55]} c6 {[%clk 1:30:49]} 2. d4 {[%clk 1:30:05]} d5
{[%clk 1:31:12]} 3. Nc3 {[%clk 1:30:31]} dxe4 {[%clk 1:31:35]} 4. Nxe4
{[%clk 1:30:54]} Bf5 {[%clk 1:31:52]} 5. Ng3 {[%clk 1:31:19]} Bg6
{[%clk 1:32:11]} 6. Nf3 {[%clk 1:31:27]} Nd7 {[%clk 1:32:31]} 7. h4
{[%clk 1:31:47]} h6 {[%clk 1:32:54]} 8. h5 {[%clk 1:32:10]} Bh7 {[%clk 1:33:17]}
9. Bd3 {[%clk 1:32:35]} Bxd3 {[%clk 1:33:38]} 10. Qxd3 {[%clk 1:33:03]} e6
{[%clk 1:33:45]} 11. Bd2 {[%clk 1:29:16]} Ngf6 {[%clk 1:34:04]} 12. O-O-O
{[%clk 1:28:29]} Be7 {[%clk 1:34:25]} 13. Ne4 {[%clk 1:25:06]} Nxe4
{[%clk 1:33:43]} 14. Qxe4 {[%clk 1:23:56]} Nf6 {[%clk 1:34:01]} 15. Qe2
{[%clk 1:24:04]} Qd5 {[%clk 1:33:44]} 16. c4 {[%clk 1:12:10]} Qe4
{[%clk 1:31:20]} 17. Qxe4 {[%clk 1:00:55]} Nxe4 {[%clk 1:31:35]} 18. Be1
{[%clk 0:59:52]} O-O {[%clk 1:29:29]} 19. Ne5 {[%clk 0:52:20]} Rac8
{[%clk 1:20:35]} 20. f3 {[%clk 0:46:34]} Nf6 {[%clk 1:20:30]} 21. Bh4
{[%clk 0:42:30]} b5 {[%clk 1:10:24]} 22. b3 {[%clk 0:37:31]} Rfd8
{[%clk 1:08:33]} 23. g4 {[%clk 0:21:08]} Kf8 {[%clk 1:08:22]} 24. g5
{[%clk 0:14:04]} hxg5 {[%clk 1:08:26]} 25. Bxg5 {[%clk 0:14:05]} Nd7
{[%clk 1:08:14]} 26. Bf4 {[%clk 0:12:19]} Nxe5 {[%clk 1:03:26]} 27. Bxe5
{[%clk 0:11:15]} Bg5+ {[%clk 0:45:08]} 28. Kc2 {[%clk 0:09:41]} f6
{[%clk 0:44:47]} 29. Bh2 {[%clk 0:09:23]} Kf7 {[%clk 0:36:45]} 30. f4
{[%clk 0:07:23]} Bh6 {[%clk 0:36:47]} 31. Rhe1 {[%clk 0:06:41]} Rd7
{[%clk 0:36:24]} 32. Rd3 {[%clk 0:05:52]} Rcd8 {[%clk 0:35:08]} 33. Red1
{[%clk 0:06:03]} g6 {[%clk 0:27:36]} 34. hxg6+ {[%clk 0:04:56]} Kxg6
{[%clk 0:28:00]} 35. Rg1+ {[%clk 0:03:10]} Kf7 {[%clk 0:16:48]} 36. Rh3
{[%clk 0:03:05]} Rh8 {[%clk 0:15:44]} 37. Kc3 {[%clk 0:03:02]} b4+
{[%clk 0:14:09]} 38. Kc2 {[%clk 0:02:42]} Rxd4 {[%clk 0:13:29]} 39. Rg4
{[%clk 0:03:00]} Bg7 {[%clk 0:13:12]} 40. Rxh8 {[%clk 0:01:03]} Bxh8
{[%clk 0:13:38]} 41. Bg1 {[%clk 0:26:39]} Re4 {[%clk 0:32:14]} 42. Kd3
{[%clk 0:23:09]} f5 {[%clk 0:32:30]} 43. Rh4 {[%clk 0:22:04]} Bf6
{[%clk 0:31:21]} 44. Rh7+ {[%clk 0:22:08]} Bg7 {[%clk 0:31:25]} 45. Bxa7 Rxf4
{[%clk 0:30:07]} 46. Bc5 {[%clk 0:10:13]} Kg6 {[%clk 0:28:40]} 47. Rh3
{[%clk 0:05:16]} Bc3 {[%clk 0:23:09]} 48. a4 {[%clk 0:04:59]} Rf1
{[%clk 0:17:06]} 49. a5 {[%clk 0:04:14]} Ra1 {[%clk 0:14:55]} 50. Bb6
{[%clk 0:04:26]} e5 {[%clk 0:14:56]} 51. Rg3+ {[%clk 0:04:29]} Kf7
{[%clk 0:14:29]} 52. Rh3 {[%clk 0:04:17]} Bd4 {[%clk 0:10:51]} 53. Rh7+
{[%clk 0:02:03]} Kg6 {[%clk 0:10:36]} 54. Rc7 {[%clk 0:02:16]} Bc3
{[%clk 0:07:16]} 55. Rxc6+ {[%clk 0:02:31]} Kh5 {[%clk 0:07:34]} 56. Rc8
{[%clk 0:02:21]} Kg4 {[%clk 0:07:39]} 57. c5 {[%clk 0:01:50]} Kf3
{[%clk 0:07:39]} 58. c6 {[%clk 0:01:51]} e4+ {[%clk 0:07:15]} 59. Kc4
{[%clk 0:02:17]} e3 {[%clk 0:04:48]} 60. Re8 {[%clk 0:02:36]} f4 {[%clk 0:04:31]}
61. c7 {[%clk 0:02:18]} Rc1 {[%clk 0:03:33]} 62. c8=Q {[%clk 0:01:12]} Bd2+
{[%clk 0:03:14]} 63. Kd3 {[%clk 0:01:33]} Rc3+ {[%clk 0:02:34]} 64. Qxc3
{[%clk 0:01:55]} bxc3 {[%clk 0:02:28]} 65. a6 {[%clk 0:02:19]} 1-0

[Event "Ch France 2018 - Open A"]
[Site "?"]
[Date "2018.08.23"]
[Round "6.4"]
[White "Daurelle, Herve"]
[Black "Llapasset, Jean-Louis"]
[Result "0-1"]
[BlackElo "2086"]
[WhiteElo "2181"]
[LiveChessVersion "1.4.4"]

1. e4 {[%clk 1:30:57]} c5 {[%clk 1:30:49]} 2. Nf3 {[%clk 1:31:20]} d6
{[%clk 1:31:10]} 3. d4 {[%clk 1:31:40]} cxd4 {[%clk 1:31:30]} 4. Nxd4
{[%clk 1:32:04]} Nf6 {[%clk 1:31:55]} 5. Nc3 {[%clk 1:32:29]} a6 {[%clk 1:31:40]}
6. Bg5 {[%clk 1:32:48]} Nbd7 {[%clk 1:30:53]} 7. f4 {[%clk 1:32:57]} e5
{[%clk 1:29:47]} 8. fxe5 {[%clk 1:31:30]} dxe5 {[%clk 1:30:03]} 9. Nf5
{[%clk 1:31:15]} Qb6 {[%clk 1:29:01]} 10. Qd2 {[%clk 0:59:21]} Qxb2
{[%clk 1:26:18]} 11. Rb1 {[%clk 0:59:22]} Qa3 {[%clk 1:26:40]} 12. Bc4
{[%clk 0:55:10]} Qa5 {[%clk 1:18:03]} 13. O-O {[%clk 0:49:33]} Qc5+
{[%clk 1:14:15]} 14. Ne3 {[%clk 0:48:45]} h6 {[%clk 1:00:41]} 15. Bh4
{[%clk 0:42:42]} Qc6 {[%clk 0:54:32]} 16. Kh1 {[%clk 0:33:40]} Bc5
{[%clk 0:44:20]} 17. Nf5 {[%clk 0:29:36]} Bf8 {[%clk 0:35:08]} 18. Bd5
{[%clk 0:20:59]} Qc7 {[%clk 0:34:30]} 19. Bb3 {[%clk 0:17:30]} Qc6
{[%clk 0:26:32]} 20. Nd5 {[%clk 0:14:05]} g5 {[%clk 0:24:09]} 21. Be1
{[%clk 0:10:46]} Nxe4 {[%clk 0:21:51]} 22. Qe2 {[%clk 0:10:23]} Ndc5
{[%clk 0:21:17]} 23. Nb4 {[%clk 0:10:01]} Qg6 {[%clk 0:17:58]} 24. Nh4
{[%clk 0:08:59]} gxh4 {[%clk 0:18:10]} 25. Bxf7+ {[%clk 0:09:23]} Qxf7
{[%clk 0:18:31]} 26. Rxf7 {[%clk 0:09:45]} Kxf7 {[%clk 0:18:47]} 27. Qh5+
{[%clk 0:09:33]} Kg7 {[%clk 0:15:55]} 28. Qxe5+ {[%clk 0:09:14]} Kh7
{[%clk 0:16:10]} 29. Bc3 {[%clk 0:08:38]} Rg8 {[%clk 0:16:13]} 30. Rf1
{[%clk 0:08:19]} Bg7 {[%clk 0:14:41]} 31. Rf7 {[%clk 0:07:57]} Nxc3
{[%clk 0:13:19]} 32. Qxc3 {[%clk 0:06:56]} h3 {[%clk 0:11:21]} 33. Qxc5
{[%clk 0:05:55]} hxg2+ {[%clk 0:11:49]} 34. Kg1 {[%clk 0:04:14]} Be6
{[%clk 0:11:59]} 35. Rxg7+ {[%clk 0:03:59]} Rxg7 {[%clk 0:12:14]} 36. Nd3
{[%clk 0:01:21]} Rc8 {[%clk 0:07:13]} 37. Qe5 {[%clk 0:01:35]} Re8
{[%clk 0:07:23]} 38. Qe4+ {[%clk 0:01:00]} Kg8 {[%clk 0:06:00]} 39. Qh4
{[%clk 0:01:12]} Bxa2 {[%clk 0:05:45]} 40. Qxh6 {[%clk 0:01:01]} Bc4
{[%clk 0:05:51]} 41. Qh4 {[%clk 0:26:31]} b5 {[%clk 0:34:02]} 42. Nf4
{[%clk 0:26:21]} Rf8 {[%clk 0:33:41]} 43. h3 {[%clk 0:26:10]} a5 {[%clk 0:33:55]}
44. Qh6 {[%clk 0:21:12]} a4 {[%clk 0:33:19]} 45. Ne2 {[%clk 0:20:21]} Rf1+
{[%clk 0:33:12]} 46. Kh2 {[%clk 0:20:51]} Ra1 0-1

[Event "Ch France 2018"]
[Site "?"]
[Date "2018.08.24"]
[Round "7.1"]
[White "Le Roux, Jean-Pierre"]
[Black "Gozzoli, Yannick"]
[Result "1/2-1/2"]
[BlackElo "2596"]
[WhiteElo "2539"]
[LiveChessVersion "1.4.8"]

1. Nf3 {[%clk 1:29:19]} d5 {[%clk 1:30:39]} 2. g3 {[%clk 1:29:41]} c6
{[%clk 1:29:46]} 3. Bg2 {[%clk 1:29:44]} Bg4 {[%clk 1:29:56]} 4. O-O
{[%clk 1:29:56]} Nf6 {[%clk 1:29:11]} 5. d3 {[%clk 1:29:45]} Nbd7
{[%clk 1:27:45]} 6. h3 {[%clk 1:30:04]} Bxf3 {[%clk 1:27:09]} 7. Bxf3
{[%clk 1:29:58]} e5 {[%clk 1:24:18]} 8. e4 {[%clk 1:26:21]} dxe4 {[%clk 1:23:52]}
9. dxe4 {[%clk 1:26:46]} Be7 {[%clk 1:21:32]} 10. Qe2 {[%clk 1:24:03]} O-O
{[%clk 1:21:19]} 11. a4 {[%clk 1:24:05]} a5 {[%clk 1:19:19]} 12. Na3
{[%clk 1:20:57]} Qc7 {[%clk 1:16:50]} 13. Bd2 {[%clk 1:05:33]} Bb4
{[%clk 1:08:06]} 14. c3 {[%clk 1:01:03]} Be7 {[%clk 1:05:37]} 15. Nc4
{[%clk 1:00:47]} Nc5 {[%clk 0:53:43]} 16. Be3 {[%clk 0:58:29]} b5
{[%clk 0:47:01]} 17. axb5 {[%clk 0:55:36]} cxb5 {[%clk 0:47:26]} 18. Na3
{[%clk 0:53:42]} b4 {[%clk 0:46:15]} 19. cxb4 {[%clk 0:53:00]} axb4
{[%clk 0:46:40]} 20. Nc4 {[%clk 0:53:20]} h6 {[%clk 0:41:21]} 21. Nd2
{[%clk 0:45:56]} 1/2-1/2

[Event "Ch France 2018"]
[Site "?"]
[Date "2018.08.24"]
[Round "7.2"]
[White "Gharamian, Tigran"]
[Black "Cornette, Matthieu"]
[Result "1/2-1/2"]
[BlackElo "2593"]
[WhiteElo "2614"]
[LiveChessVersion "1.4.8"]

1. e4 {[%clk 1:30:53]} c5 {[%clk 1:30:54]} 2. Nf3 {[%clk 1:31:16]} Nc6
{[%clk 1:31:14]} 3. d4 {[%clk 1:31:34]} cxd4 {[%clk 1:31:39]} 4. Nxd4
{[%clk 1:31:59]} e5 {[%clk 1:32:02]} 5. Nb5 {[%clk 1:32:20]} d6 {[%clk 1:32:27]}
6. c4 {[%clk 1:32:25]} Be7 {[%clk 1:32:16]} 7. N5c3 {[%clk 1:31:31]} Nf6
{[%clk 1:30:37]} 8. Bd3 {[%clk 1:30:55]} O-O {[%clk 1:30:16]} 9. O-O
{[%clk 1:30:50]} Nd7 {[%clk 1:22:01]} 10. Nd5 {[%clk 1:30:03]} Bg5
{[%clk 1:17:30]} 11. Nbc3 {[%clk 1:29:41]} Bxc1 {[%clk 1:16:15]} 12. Rxc1
{[%clk 1:30:01]} Nb6 {[%clk 1:16:09]} 13. Ne3 {[%clk 1:27:19]} Be6
{[%clk 1:08:29]} 14. Qd2 {[%clk 1:18:18]} Qg5 {[%clk 1:02:10]} 15. Rcd1
{[%clk 1:14:16]} Rfd8 {[%clk 0:56:15]} 16. Kh1 {[%clk 1:09:33]} Rac8
{[%clk 0:52:49]} 17. b3 {[%clk 1:09:09]} Qh6 {[%clk 0:44:09]} 18. f3
{[%clk 1:02:57]} a6 {[%clk 0:39:47]} 19. Qf2 {[%clk 0:45:39]} Nd7
{[%clk 0:37:08]} 20. Rd2 {[%clk 0:45:03]} Nf6 {[%clk 0:25:58]} 21. Rfd1
{[%clk 0:40:28]} g6 {[%clk 0:25:48]} 22. Bf1 {[%clk 0:32:01]} Qf8
{[%clk 0:25:31]} 23. Nc2 {[%clk 0:31:26]} Qe7 {[%clk 0:24:01]} 24. Qb6
{[%clk 0:30:27]} Rd7 {[%clk 0:21:02]} 25. Na4 {[%clk 0:24:46]} Kg7
{[%clk 4:04:45]} 26. Rd3 {[%clk 0:23:00]} Ne8 {[%clk 0:08:48]} 27. Qf2
{[%clk 0:17:20]} Rdd8 {[%clk 0:07:50]} 28. Nb6 {[%clk 0:15:24]} Rb8
{[%clk 0:07:54]} 29. Qd2 {[%clk 0:11:56]} h6 {[%clk 0:05:23]} 30. Qf2
{[%clk 0:09:25]} Kh7 {[%clk 0:04:57]} 31. R3d2 {[%clk 0:08:43]} Qc7
{[%clk 0:04:31]} 32. Nd5 {[%clk 0:04:08]} Bxd5 {[%clk 0:04:35]} 33. exd5
{[%clk 0:04:34]} Ne7 {[%clk 0:04:39]} 34. f4 {[%clk 0:04:57]} exf4
{[%clk 0:04:15]} 35. Qxf4 {[%clk 0:05:12]} Ng7 {[%clk 0:03:25]} 36. Nd4
{[%clk 0:04:37]} Nef5 {[%clk 0:02:27]} 37. Nxf5 {[%clk 0:04:44]} Nxf5
{[%clk 0:02:56]} 38. Bd3 {[%clk 0:04:32]} Ng7 {[%clk 0:03:20]} 39. Rf2
{[%clk 0:02:02]} Rf8 {[%clk 0:03:25]} 40. Qg3 {[%clk 0:01:20]} f5
{[%clk 0:00:57]} 41. Re2 {[%clk 0:27:26]} 1/2-1/2

[Event "Ch France 2018"]
[Site "?"]
[Date "2018.08.24"]
[Round "7.4"]
[White "Edouard, Romain"]
[Black "Maze, Sebastien"]
[Result "1-0"]
[BlackElo "2612"]
[WhiteElo "2638"]
[LiveChessVersion "1.4.8"]

1. c4 {[%clk 1:30:47]} Nf6 {[%clk 1:28:33]} 2. Nc3 {[%clk 1:30:55]} e6
{[%clk 1:28:36]} 3. e4 {[%clk 1:30:22]} c5 {[%clk 1:28:59]} 4. e5
{[%clk 1:29:08]} Ng8 {[%clk 1:29:26]} 5. Nf3 {[%clk 1:29:33]} Nc6
{[%clk 1:29:41]} 6. d4 {[%clk 1:29:04]} cxd4 {[%clk 1:29:41]} 7. Nxd4
{[%clk 1:29:30]} Nxd4 {[%clk 1:23:26]} 8. Qxd4 {[%clk 1:29:54]} Ne7
{[%clk 1:23:47]} 9. Bf4 {[%clk 1:25:25]} Nc6 {[%clk 1:20:58]} 10. Qe3
{[%clk 1:25:33]} Bb4 {[%clk 1:16:42]} 11. Bd3 {[%clk 1:18:06]} b6
{[%clk 1:00:39]} 12. Qg3 {[%clk 1:09:05]} Kf8 {[%clk 0:59:39]} 13. Rc1
{[%clk 0:58:37]} Bb7 {[%clk 0:59:44]} 14. O-O {[%clk 0:57:16]} h6
{[%clk 0:59:22]} 15. Ne4 {[%clk 0:55:54]} Ne7 {[%clk 0:52:46]} 16. Nd6
{[%clk 0:42:53]} Bxd6 {[%clk 0:53:12]} 17. exd6 {[%clk 0:43:20]} Nc6
{[%clk 0:53:36]} 18. Bd2 {[%clk 0:43:26]} Qf6 {[%clk 0:46:45]} 19. b4
{[%clk 0:42:26]} h5 {[%clk 0:36:17]} 20. b5 {[%clk 0:37:13]} h4 {[%clk 0:29:39]}
21. Qe3 {[%clk 0:37:09]} Nd8 {[%clk 0:29:06]} 22. f4 {[%clk 0:29:45]} h3
{[%clk 0:29:14]} 23. g3 {[%clk 0:29:51]} Rh5 {[%clk 0:28:16]} 24. Rce1
{[%clk 0:27:01]} Qh6 {[%clk 0:27:14]} 25. g4 {[%clk 0:17:44]} Rh4
{[%clk 0:26:53]} 26. Qg3 {[%clk 0:18:06]} g6 {[%clk 0:26:53]} 27. g5
{[%clk 0:12:38]} Qh5 {[%clk 0:23:46]} 28. Be2 {[%clk 0:12:58]} Qh7
{[%clk 0:24:13]} 29. Rc1 {[%clk 0:07:44]} f5 {[%clk 0:20:59]} 30. Be1
{[%clk 0:06:25]} Rh5 {[%clk 0:20:53]} 31. Qc3 {[%clk 0:03:47]} Nf7
{[%clk 0:16:42]} 32. Qf6 {[%clk 0:04:15]} Re8 {[%clk 0:16:20]} 33. c5
{[%clk 0:04:12]} bxc5 {[%clk 0:15:48]} 34. Rxc5 {[%clk 0:04:05]} e5
{[%clk 0:16:02]} 35. Rc7 {[%clk 0:01:43]} Bd5 {[%clk 0:15:30]} 36. Bc3
{[%clk 0:01:13]} Rxg5+ {[%clk 0:04:14]} 37. fxg5 {[%clk 0:01:41]} Qh4
{[%clk 0:04:42]} 38. Bxe5 {[%clk 0:00:38]} Qxg5+ {[%clk 0:05:05]} 39. Qxg5
{[%clk 0:01:01]} Nxg5 {[%clk 0:05:34]} 40. Rxd7 {[%clk 0:00:34]} Rxe5
{[%clk 0:05:45]} 41. Rf2 {[%clk 0:21:02]} Ne4 {[%clk 0:33:07]} 42. Rd8+
{[%clk 0:16:43]} Re8 {[%clk 0:32:57]} 43. Rxe8+ {[%clk 0:17:10]} Kxe8
{[%clk 0:33:26]} 44. Rf3 {[%clk 0:17:35]} Kd7 {[%clk 0:32:32]} 45. Rxh3
{[%clk 0:14:33]} 1-0

[Event "Ch France 2018"]
[Site "?"]
[Date "2018.08.24"]
[Round "7.5"]
[White "Loiseau, Quentin"]
[Black "Fressinet, Laurent"]
[Result "0-1"]
[BlackElo "2645"]
[WhiteElo "2417"]
[LiveChessVersion "1.4.8"]

1. e4 {[%clk 1:30:52]} e5 {[%clk 1:30:57]} 2. Nf3 {[%clk 1:30:50]} Nc6
{[%clk 1:31:13]} 3. Bb5 {[%clk 1:31:10]} a6 {[%clk 1:31:32]} 4. Ba4
{[%clk 1:31:10]} g6 {[%clk 1:31:56]} 5. O-O {[%clk 1:30:08]} Bg7 {[%clk 1:32:14]}
6. c3 {[%clk 1:30:13]} d6 {[%clk 1:32:35]} 7. d4 {[%clk 1:29:57]} Bd7
{[%clk 1:32:53]} 8. d5 {[%clk 1:29:38]} Nce7 {[%clk 1:33:09]} 9. Bxd7+
{[%clk 1:25:37]} Qxd7 {[%clk 1:32:13]} 10. c4 {[%clk 1:26:04]} h6
{[%clk 1:32:35]} 11. Nc3 {[%clk 1:25:27]} f5 {[%clk 1:32:05]} 12. a4
{[%clk 1:21:30]} Nf6 {[%clk 1:28:57]} 13. a5 {[%clk 1:19:19]} O-O
{[%clk 1:26:36]} 14. Qa4 {[%clk 1:11:44]} Qc8 {[%clk 1:21:01]} 15. Nd2
{[%clk 0:49:58]} g5 {[%clk 1:16:58]} 16. c5 {[%clk 0:44:55]} dxc5
{[%clk 1:10:04]} 17. Qc4 {[%clk 0:43:42]} Rf7 {[%clk 1:08:19]} 18. Qxc5
{[%clk 0:32:51]} Ng6 {[%clk 1:05:03]} 19. exf5 {[%clk 0:27:57]} Qxf5
{[%clk 1:03:37]} 20. Ra4 {[%clk 0:21:05]} Bf8 {[%clk 0:54:26]} 21. Qc4
{[%clk 0:19:19]} Nf4 {[%clk 0:47:59]} 22. Nde4 {[%clk 0:18:29]} Nxe4
{[%clk 0:47:06]} 23. Qxe4 {[%clk 0:14:21]} Nd3 {[%clk 0:46:28]} 24. Qxf5
{[%clk 0:13:27]} Rxf5 {[%clk 0:44:59]} 25. Rc4 {[%clk 0:09:45]} Rf7
{[%clk 0:39:01]} 26. Rd1 {[%clk 0:05:19]} Nb4 {[%clk 0:36:49]} 27. d6
{[%clk 0:04:00]} Nc6 {[%clk 0:37:11]} 28. dxc7 {[%clk 0:04:13]} Rxc7
{[%clk 0:37:36]} 29. Nd5 {[%clk 0:03:43]} Rf7 {[%clk 0:37:35]} 30. Be3
{[%clk 0:03:53]} Nxa5 {[%clk 0:36:12]} 31. Rg4 {[%clk 0:03:15]} Kh7
{[%clk 0:33:59]} 32. h4 {[%clk 0:03:13]} gxh4 {[%clk 0:33:48]} 33. Rxh4
{[%clk 0:02:26]} Nc6 {[%clk 0:33:05]} 34. Bb6 {[%clk 0:02:20]} Rc8
{[%clk 0:30:31]} 35. g4 {[%clk 0:00:50]} Nd4 {[%clk 0:27:37]} 36. Bxd4
{[%clk 0:00:40]} exd4 {[%clk 0:28:02]} 37. g5 {[%clk 0:00:42]} Rf5
{[%clk 0:25:53]} 38. Rhxd4 {[%clk 0:01:04]} Rxg5+ {[%clk 0:24:59]} 39. Kf1
{[%clk 0:01:32]} Bg7 {[%clk 0:24:35]} 40. R4d3 {[%clk 0:00:33]} Rc2
{[%clk 0:20:29]} 41. b3 {[%clk 0:25:20]} Rf5 {[%clk 0:45:37]} 42. R1d2
{[%clk 0:25:13]} Rxd2 {[%clk 0:40:47]} 43. Rxd2 {[%clk 0:23:38]} Rf7
{[%clk 0:38:53]} 44. Ke2 {[%clk 0:22:09]} a5 {[%clk 0:36:13]} 45. Ra2
{[%clk 0:17:58]} b6 {[%clk 0:34:08]} 46. Kd3 {[%clk 0:16:37]} Rf3+
{[%clk 0:33:11]} 47. Kc4 {[%clk 0:16:18]} h5 {[%clk 0:31:55]} 48. Nxb6
{[%clk 0:14:13]} h4 {[%clk 0:32:01]} 49. Rxa5 {[%clk 0:10:14]} h3
{[%clk 0:31:41]} 50. Rg5 {[%clk 0:08:39]} Rf6 {[%clk 0:30:27]} 51. Nd5
{[%clk 0:02:19]} Rc6+ {[%clk 0:30:30]} 52. Kb5 {[%clk 0:02:44]} h2
{[%clk 0:30:34]} 53. Kxc6 {[%clk 0:03:09]} h1=Q {[%clk 0:30:58]} 54. f4
{[%clk 0:03:28]} Qc1+ {[%clk 0:27:44]} 55. Kb7 {[%clk 0:03:19]} Bd4
{[%clk 0:26:32]} 56. b4 {[%clk 0:03:32]} Qc4 {[%clk 0:26:26]} 57. Kb8
{[%clk 0:02:49]} Kh6 {[%clk 0:25:06]} 58. Kb7 {[%clk 0:02:04]} Qe2
{[%clk 0:22:53]} 59. Kc6 {[%clk 0:02:11]} Qa6+ {[%clk 0:22:12]} 60. Kd7
{[%clk 0:02:40]} Qb7+ {[%clk 0:22:13]} 61. Ke6 {[%clk 0:02:20]} Qc6+
{[%clk 0:21:39]} 62. Kf7 {[%clk 0:02:12]} Bb2 {[%clk 0:19:13]} 63. Ne7
{[%clk 0:01:31]} Qf6+ {[%clk 0:19:08]} 64. Ke8 {[%clk 0:01:43]} Qxf4
{[%clk 0:18:57]} 65. Rg6+ {[%clk 0:01:52]} Kh5 {[%clk 0:18:03]} 66. b5
{[%clk 0:02:13]} Bf6 {[%clk 0:16:34]} 0-1

[Event "Ch France 2018 - Vétérans"]
[Site "?"]
[Date "2018.08.24"]
[Round "7.1"]
[White "Legrand, Stephane"]
[Black "Vareille, Francois"]
[Result "0-1"]
[BlackElo "2421"]
[WhiteElo "2053"]
[LiveChessVersion "1.4.4"]

1. Nf3 {[%clk 1:30:51]} Nf6 {[%clk 1:27:29]} 2. c4 {[%clk 1:31:03]} c5
{[%clk 1:27:43]} 3. Nc3 {[%clk 1:25:49]} d5 {[%clk 1:27:06]} 4. cxd5
{[%clk 1:25:16]} Nxd5 {[%clk 1:27:32]} 5. Qb3 {[%clk 1:21:17]} Nc7
{[%clk 1:23:27]} 6. e3 {[%clk 1:19:51]} Nc6 {[%clk 1:20:19]} 7. a3
{[%clk 1:15:34]} g6 {[%clk 1:11:28]} 8. Ng5 {[%clk 1:02:45]} e6 {[%clk 1:11:09]}
9. f4 {[%clk 1:02:54]} Bg7 {[%clk 1:10:54]} 10. Be2 {[%clk 1:02:45]} O-O
{[%clk 1:09:57]} 11. O-O {[%clk 1:03:12]} b6 {[%clk 1:09:13]} 12. Bf3
{[%clk 0:58:35]} Na5 {[%clk 1:02:19]} 13. Qc2 {[%clk 0:55:34]} Ba6
{[%clk 1:02:16]} 14. Bxa8 {[%clk 0:53:33]} Bd3 {[%clk 1:02:30]} 15. Qa4
{[%clk 0:49:11]} Bxf1 {[%clk 1:00:17]} 16. Kxf1 {[%clk 0:48:26]} Qd3+
{[%clk 1:00:16]} 17. Kf2 {[%clk 0:43:24]} Rxa8 {[%clk 1:00:16]} 18. Qe4
{[%clk 0:41:09]} Qxe4 {[%clk 0:54:33]} 19. Ngxe4 {[%clk 0:41:17]} Nb3
{[%clk 0:52:42]} 20. Rb1 {[%clk 0:41:39]} f5 {[%clk 0:51:34]} 21. Ng5
{[%clk 0:38:24]} Rd8 {[%clk 0:51:02]} 22. Ke2 {[%clk 0:38:25]} c4
{[%clk 0:51:12]} 23. Nf3 {[%clk 0:37:00]} Na6 {[%clk 0:51:11]} 24. Ne1
{[%clk 0:04:28]} Nac5 {[%clk 0:51:12]} 25. Nb5 {[%clk 0:02:28]} a6
{[%clk 0:50:10]} 26. Nd4 {[%clk 0:01:37]} Bxd4 {[%clk 0:50:15]} 27. exd4
{[%clk 0:02:05]} Rxd4 {[%clk 0:50:31]} 28. Nf3 {[%clk 0:01:00]} Re4+
{[%clk 0:50:20]} 29. Kd1 {[%clk 0:00:43]} Nd3 {[%clk 0:50:35]} 30. Kc2
{[%clk 0:00:33]} Rxf4 {[%clk 0:49:46]} 31. Ra1 0-1